Baseball Reliquary Shrine of Eternals Inductees - Statistics

General Stats
  • This quiz has been taken 2 times
  • The average score is 6 of 66
Answer Stats
Inductee Year % Correct
Bo Jackson 2016
100%
Shoeless Joe Jackson 2002
100%
Fernando Valenzuela 2006
50%
Jackie Robinson 2005
50%
Pete Rose 2010
50%
Rachel Robinson 2014
50%
Roberto Clemente 2004
50%
Roger Maris 2009
50%
Tommy John 2018
50%
Arnold Hano 2016
0%
Bill Buckner 2008
0%
Bill James 2007
0%
Bill "Spaceman" Lee 2000
0%
Bill Veeck Jr. 1999
0%
Billy Beane 2019
0%
Bob Costas 2020
0%
Bob Uecker 2017
0%
Buck O’Neil 2008
0%
Casey Stengel 2010
0%
Charlie Brown 2017
0%
Curt Flood 1999
0%
Dick Allen 2004
0%
Dizzy Dean 2014
0%
Dock Ellis 1999
0%
Don Newcombe 2016
0%
Don Zimmer 2014
0%
Dr. Frank Jobe 2012
0%
Eddie Feigner 2013
0%
Emmett Ashford 2008
0%
Glenn Burke 2015
0%
Ila Borders 2003
0%
Jim Abbott 2003
0%
Jim Bouton 2001
0%
Jim Brosnan 2007
0%
Jim Eisenreich 2009
0%
Jim "Mudcat" Grant 2012
0%
Jimmy Piersall 2001
0%
Josh Gibson 2006
0%
J. R. Richard 2019
0%
Kenichi Zenimura 2006
0%
Lefty O'Doul 2013
0%
Lester Rodney 2005
0%
Lisa Fernandez 2019
0%
Luis Tiant 2012
0%
Manny Mota 2013
0%
Mark "The Bird" Fidrych 2002
0%
Marvin Miller 2003
0%
Maury Wills 2011
0%
Max Patkin 2020
0%
Minnie Miñoso 2002
0%
Moe Berg 2000
0%
Nancy Faust 2018
0%
Pam Postema 2000
0%
Pete Gray 2011
0%
Rod Dedeaux 2005
0%
Roger Angell 2010
0%
Rube Foster 2020
0%
Rusty Staub 2018
0%
Satchel Paige 2001
0%
Steve Bilko 2015
0%
Steve Dalkowski 2009
0%
Sy Berger 2015
0%
Ted Giannoulas 2011
0%
Vin Scully 2017
0%
William "Dummy" Hoy 2004
0%
Yogi Berra 2007
0%
No matching quizzes found
Score Distribution
Percent of People with Each Score
Percentile by Number Answered
Your Score History
You have not taken this quiz